000 00430nam a2200181Ia 4500
005 20240823060156.0
008 240823s9999||||xx |||||||||||||| ||und||
041 _aENGLISH
082 _A796.3580954 Q6
100 _aThe Hindu
245 0 _aIndia 500 Tests : The Journey Began in 1932
250 _a1st
260 _c2016
_bThe
500 _aYES
650 _aPhysical Education
_bGeneral
942 _cBK
999 _c230514
_d230514